| 000 | 00470nam a22001457a 4500 | ||
|---|---|---|---|
| 020 | _a2852062240 | ||
| 040 | _cDLC | ||
| 082 | _a620 TEC 1984 A049 Or. | ||
| 100 | 2 | _aOteng-Gyang, K. | |
| 245 | 1 | 0 | _aIntroduction à la microbiologie alimentaire dans les pays chauds / |
| 260 |
_aParis : _bTechnique & documentation, Lavoisier, _cc1984. |
||
| 300 |
_ax, 260 p. : _bill. ; _c24 cm. |
||
| 500 | _aTitle on spine: Microbiologie alimentaire dans les pays chauds. | ||
| 942 | _cFB | ||
| 999 |
_c14065 _d14065 |
||